Grand teáter : Husle v srdci, hviezdy v očiach, ruže vo vlasoch

Bibliographic Details
Main Author: Čavojský, Ladislav, 1932-2014 (Author)
Format: Article
Language:Slovak

MARC

LEADER 00000nab a2200000uu 4500
001 vtls011497278
003 SK-MaSNL
005 20260304001552.0
008 240911|1993 xo |||||||||||||||||slo|
015 |a SNBRB 
035 |a (urnnbn)urn:nbn:sk:snk:ar-0013bs 
035 |a (uuid)48651fb3-d104-410c-ac55-207bcd4341fc 
035 |a urn:nbn:sk:snk-abdsl4 
040 |a SNKBUCL  |b slo  |c SNKBUCL  |e AACR2 
041 0 |a slo 
044 |a xo  |c SK 
100 1 |a Čavojský, Ladislav,  |d 1932-2014  |4 aut  |9 101804 
245 1 0 |a Grand teáter :  |b Husle v srdci, hviezdy v očiach, ruže vo vlasoch  |c Ladislav Čavojský 
773 0 |t Javisko  |g Roč. 25, č. 3 (1993), s. 2-3 
958 |a OND 
958 |a EUIPO 
958 |a article20 
999 |c 2537539  |d 2539469